Gründungsmitglieder der UN - Statistiken

Allgemein
  • Dieses Quiz wurde 37 mal gespielt
  • Das Durchschnittsergebnis liegt bei 37 aus 51
Antwortstatistiken
Anfangsbuchstabe Gründungsmitglieder % Korrekt
Ä Äthiopien
97%
B Belgien
94%
B Brasilien
94%
F Frankreich
94%
C Chile
91%
C China
91%
D Dänemark
91%
V / U Vereinigte Staaten von Amerika
91%
Ä Ägypten
88%
A Australien
88%
I Indien
88%
K Kolumbien
88%
K Kanada
85%
V Vereinigtes Königreich
85%
A Argentinien
82%
H Honduras
82%
N Niederlande
82%
U / S / R Union der Sozialistischen Sowjetrepubliken
82%
B Bolivien
79%
G Griechenland
79%
N Norwegen
79%
P Paraguay
79%
P Peru
79%
P Polen
79%
U Uruguay
79%
H Haiti
76%
I Iran
76%
L Luxemburg
76%
V Venezuela
76%
E Ecuador
73%
I Irak
73%
M Mexiko
73%
S Südafrikanische Union
73%
C Costa Rica
70%
T / S Tschechoslowakei
70%
N Neuseeland
67%
T Türkei
67%
D Dominikanische Republik
64%
J Jugoslawien
61%
P Panama
61%
E El Salvador
58%
G Guatemala
55%
S Saudi-Arabien
55%
K Kuba
52%
L Libanon
45%
N Nicaragua
45%
U Ukraine Sozialistische Sowjetrepublik
42%
S Syrien
39%
P Philippinische Republik
36%
B Belarussische Sozialistische Sowjetrepublik
30%
L Liberia
27%
Keine übereinstimmenden Quizze gefunden
Verteilung der Resultate
Anzahl Personen mit jedem Resultat
Perzentil nach korrekt beantworteten Fragen
Ihre Resultats-Entwicklung
Sie haben dieses Quiz noch nicht gespielt